00423 2200169 4500245004500000020002200045250001100067100001900078700001900097650001300116005001900129260004800148041001400196084000800210300002600218336000900244 aThe Power of HabitcDuhigg CharleshText a978-602-424-139-1 aCet.21 aDuhigg Charles aAndya Primanda aMotivasi a20241015135252 aJakartabKepustakaan Populer Gramediac2021 aIndonesia a155 axx, 370 hlm. :cilus. atext